[Event "IX EICC"]
[Site "Plovdiv BUL"]
[Date "2008.05.01"]
[Round "10"]
[White "Belov,Vl"]
[Black "Almasi,Z"]
[Result "1-0"]
[WhiteElo "2571"]
[BlackElo "2674"]

1.e4 e5 2.Nf3 Nc6 3.Bb5 Nf6 4.O-O Nxe4 5.d4 Nd6 6.Bxc6 dxc6 7.dxe5 Nf5 8.Qxd8+ Kxd8
9.Nc3 Bd7 10.h3 Be7 11.g4 Nh4 12.Nxh4 Bxh4 13.Ne4 Re8 14.Bf4 f5 15.Nc5 Bc8
16.e6 b6 17.Rad1+ Ke7 18.Nd7 Kxe6 19.Rfe1+ Kf7 20.Ne5+ Kg8 21.g5 h6 22.gxh6 gxh6
23.Bxh6 Kh7 24.Bf4 Rg8+ 25.Kf1 Ba6+ 26.c4 Rad8 27.b3 b5 28.Rxd8 Bxd8 29.Rd1 Bf6
30.Rd7+ Rg7 31.Rxg7+ Bxg7 32.c5 b4+ 33.Ke1 Bf8 34.Nxc6 Bxc5 35.Bxc7 Bb7 36.Ne5 Be4
37.f3 Bb1 38.Kd2 f4 39.Nc4 Be3+ 40.Kd1 Bf5 41.h4 Kg6 42.Bd6 Kh5 43.Bxb4 Kxh4
44.Nxe3 fxe3 45.Ke2 Kh5 46.Bc3 Bb1 47.a3 Kg6 48.Kxe3 Kf5 49.f4 Bc2 50.b4 Ke6
51.Kd4 Kd6 52.Be1 a6 53.Bh4 Bb1 54.Bd8 Bf5 55.Bb6 Bc2 56.Bc5+ Ke6 57.Bf8  1-0

[Event "TCh-HUN 2007-8"]
[Site "Budapest HUN"]
[Date "2008.05.18"]
[Round "11"]
[White "Hera,I"]
[Black "Almasi,Z"]
[Result "0-1"]
[WhiteElo "2544"]
[BlackElo "2691"]

1.d4 Nf6 2.c4 e6 3.Nf3 d5 4.g3 Bb4+ 5.Bd2 Be7 6.Bg2 O-O 7.O-O Nbd7 8.Qb3 Nb6
9.c5 Nc4 10.Qc2 b6 11.b3 Nxd2 12.Nbxd2 bxc5 13.dxc5 c6 14.b4 a5 15.a3 Rb8
16.Rab1 Qc7 17.Rfe1 Ba6 18.Nd4 g6 19.e4 axb4 20.axb4 dxe4 21.Nxe4 Nd5 22.Qa4 Bb5
23.Qa3 Bc4 24.Rec1 Ra8 25.Qf3 Ba2 26.Rb2 Qe5 27.Qd3 Rfd8 28.Qd2 Nc7 29.Rxa2 Rxa2
30.Qxa2 Rxd4 31.f4 Qf5 32.Re1 Rxb4 33.Qa7 Nd5 34.Qa8+ Kg7 35.Qxc6 Nf6 36.Qc7 Rxe4
37.Bxe4 Bxc5+ 38.Kg2 Nxe4  0-1

[Event "58th ch-HUN KO"]
[Site "Nyiregyhaza HUN"]
[Date "2008.09.13"]
[Round "1.2"]
[White "Papp,Ga"]
[Black "Almasi,Z"]
[Result "0-1"]
[WhiteElo "2509"]
[BlackElo "2668"]

1.e4 e5 2.Nf3 Nc6 3.Bb5 a6 4.Ba4 Nf6 5.d3 d6 6.c3 g6 7.Nbd2 Bg7 8.Nf1 O-O
9.Bg5 h6 10.Bh4 Ne7 11.Ne3 c6 12.O-O Qc7 13.Bb3 b5 14.a4 Bb7 15.Qd2 Kh7 16.axb5 axb5
17.Rxa8 Bxa8 18.Ra1 Bb7 19.c4 bxc4 20.Nxc4 Rb8 21.Ra7 Nc8 22.Ra3 Ra8 23.h3 Nh5
24.g4 Nf4 25.Bg3 Nxh3+ 26.Kg2 Nf4+ 27.Bxf4 exf4 28.Qxf4 Qe7 29.Na5 d5 30.exd5 cxd5
31.d4 Nb6 32.Ne5 Nc4 33.Bxc4 dxc4+ 34.f3 c3 35.Qc1 Bxe5 36.dxe5 Qb4 37.Qxc3 Qxg4+
38.Kf2 Qh4+ 39.Kg2 Rc8 40.Qb3 Bd5  0-1

[Event "58th ch-HUN KO"]
[Site "Nyiregyhaza HUN"]
[Date "2008.09.15"]
[Round "2.1"]
[White "Almasi,Z"]
[Black "Cao,S"]
[Result "1/2-1/2"]
[WhiteElo "2668"]
[BlackElo "2491"]

1.e4 e6 2.d4 d5 3.Nc3 Nf6 4.e5 Nfd7 5.f4 c5 6.Nf3 Nc6 7.Be3 a6 8.Qd2 b5 9.a3 Bb7
10.Be2 Qb6 11.Nd1 Rc8 12.c3 cxd4 13.Nxd4 Nc5 14.Nf2 Nxd4 15.Bxd4 Qc6 16.Bd1 Ne4
17.Qe3 Bc5 18.Bc2 Bxd4 19.Qxd4 O-O 20.O-O Qc5 21.Rad1 Nxf2 22.Rxf2 Qxd4 23.Rxd4 Rc4
24.Bd3 Rxd4 25.cxd4 Rc8 26.Rf1 h5 27.Kf2 g6 28.h3 Rc7 29.Ke3 Bc8 30.Kd2 Bd7
31.g4 hxg4 32.hxg4 Kg7 33.Rg1 Kf8 34.Rg3 Rc8 35.Be2 Kg7 36.Rh3 Rc7 37.Bf1 Rc8
38.Bd3 Rc7 39.Rg3 Kf8 40.Rg1 Rc8 41.Ke3 Rc7 42.Kf3 Rc8 43.Kg3 Kg7 44.Kf3 Kf8
45.Ke2 Rc7 46.Kd2 Rc8 47.Rf1 Kg7 48.f5 exf5 49.gxf5 Bxf5 50.Bxf5 gxf5 51.Rxf5 Rc4
52.Ke3 b4 53.Rf6 bxa3 54.bxa3 Rc3+ 55.Kf4 Rd3 56.Rxa6 Rxd4+ 57.Kf5 Rd1 58.a4 Rf1+
59.Kg5 Kf8 60.a5 d4 61.Rd6 Ra1 62.a6 d3  1/2-1/2

[Event "58th ch-HUN KO"]
[Site "Nyiregyhaza HUN"]
[Date "2008.09.16"]
[Round "2.2"]
[White "Cao,S"]
[Black "Almasi,Z"]
[Result "1/2-1/2"]
[WhiteElo "2491"]
[BlackElo "2668"]

1.d4 d5 2.Nf3 Nf6 3.Bg5 Ne4 4.Bf4 c5 5.Nbd2 Nc6 6.c3 Qb6 7.Qb3 Nxd2 8.Bxd2 e6
9.e3 Bd7 10.Be2 Be7 11.O-O O-O 12.Rfd1 c4 13.Qc2 Qc7 14.e4 b5 15.Re1 Rfe8  1/2-1/2

[Event "58th ch-HUN KO"]
[Site "Nyiregyhaza HUN"]
[Date "2008.09.17"]
[Round "2.3"]
[White "Almasi,Z"]
[Black "Cao,S"]
[Result "1-0"]
[WhiteElo "2668"]
[BlackElo "2491"]

1.d4 Nf6 2.Nf3 e6 3.c4 b6 4.g3 Ba6 5.Qc2 c5 6.d5 exd5 7.cxd5 d6 8.Bg2 g6
9.Nc3 Bg7 10.O-O O-O 11.Re1 b5 12.e4 b4 13.Nb1 Nbd7 14.Bf4 Nb6 15.Nbd2 h6
16.a3 bxa3 17.Rxa3 Bb5 18.h3 Re8 19.g4 Qd7 20.Bg3 Nh7 21.e5 Nxd5 22.exd6 Rxe1+
23.Nxe1 Re8 24.Nef3 Nb6 25.Qxc5 Rc8 26.Qb4 Nc4 27.Nxc4 Rxc4 28.Qd2 Ng5 29.Nxg5 hxg5
30.Qxg5 a6 31.Re3 Bc6 32.Re7 Qc8 33.Rc7 Qe8 34.Qe7  1-0

[Event "58th ch-HUN KO"]
[Site "Nyiregyhaza HUN"]
[Date "2008.09.17"]
[Round "2.4"]
[White "Cao,S"]
[Black "Almasi,Z"]
[Result "1/2-1/2"]
[WhiteElo "2491"]
[BlackElo "2668"]

1.Nf3 Nf6 2.d4 d5 3.Bf4 c6 4.e3 Bg4 5.Be2 e6 6.O-O Bxf3 7.Bxf3 Bd6 8.Bg3 Bxg3
9.hxg3 Nbd7 10.c4 O-O 11.Nd2 Re8 12.Qc2 Rc8 13.Qa4 a6 14.Rfd1 g6 15.Rac1 Kg7
16.b4 dxc4 17.e4 b5 18.Qxa6 Qb6 19.Qa3 e5 20.dxe5 Nxe5 21.Nf1 Nd3 22.Rxd3 cxd3
23.Qxd3 Rcd8 24.Qc3 Qd4 25.Qxc6 Qxb4 26.Ne3 Rc8 27.Qxc8 Rxc8 28.Rxc8 Qb1+
29.Kh2 Nxe4 30.Bxe4 Qxe4 31.Rc2 h5 32.Rb2 Qe5 33.Rb4 Qc5 34.a3 Qc3 35.Rxb5 Qxa3  1/2-1/2

[Event "58th ch-HUN KO"]
[Site "Nyiregyhaza HUN"]
[Date "2008.09.19"]
[Round "3.2"]
[White "Ruck,R1"]
[Black "Almasi,Z"]
[Result "1/2-1/2"]
[WhiteElo "2574"]
[BlackElo "2668"]

1.d4 Nf6 2.c4 e6 3.g3 d5 4.Nf3 Bb4+ 5.Bd2 Be7 6.Bg2 O-O 7.O-O c6 8.Qc2 Nbd7
9.Rd1 b6 10.Bf4 Ba6 11.Ne5 Rc8 12.Nc3 Nh5 13.cxd5 cxd5 14.Qa4 Nxf4 15.gxf4 Nb8
16.e3 g6 17.Rac1 Qe8 18.Qc2 Nc6 19.a3 Kg7 20.Bf1 Bxf1 21.Rxf1 Na5 22.Qe2 Nc4
23.a4 a6 24.Nxc4 dxc4 25.Rfd1 Bb4 26.Qc2 Qd7 27.Ne4 Qd5 28.Ng3 h5 29.h3 b5
30.axb5 axb5 31.Kh2 Be7 32.Rg1 h4 33.Ne4 b4 34.Ng5 b3 35.Qe2 Rh8 36.Rg2 Bd6
37.Nf3 Qe4 38.Nd2 Qd3 39.Qxd3 cxd3 40.Rd1 Rc2 41.Nxb3 Rxb2 42.Rxd3 Rc8 43.Nd2 Rcc2
44.Nf3 Be7 45.Kg1 Rc1+ 46.Kh2 Rcc2 47.Kg1 Rc1+ 48.Kh2  1/2-1/2

[Event "1st WMSG Blitz Team"]
[Site "Beijing CHN"]
[Date "2008.10.13"]
[Round "7"]
[White "Almasi,Z"]
[Black "Ghaem Maghami,E"]
[Result "1-0"]
[WhiteElo "2663"]
[BlackElo "2599"]

1.e4 e5 2.Nf3 d6 3.d4 exd4 4.Nxd4 Nf6 5.Nc3 Be7 6.Be2 O-O 7.O-O Re8 8.Re1 Bf8
9.Bf1 c6 10.Bg5 Nbd7 11.Qd2 Ne5 12.Rad1 Ng6 13.Nf5 Bxf5 14.exf5 Rxe1 15.Rxe1 Ne5
16.h3 h6 17.Bh4 Be7 18.Bg3 Bf8 19.Bxe5 dxe5 20.Qxd8 Rxd8 21.Rxe5 Bb4 22.Bd3 Bxc3
23.bxc3 Kf8 24.c4 Nd7 25.Re3 Nc5 26.g4 b5 27.cxb5 Nxd3 28.cxd3 cxb5 29.Kg2 Rd4
30.Kg3 Ra4 31.Re2 Ra3 32.Rd2 a6 33.Kf4 Ke7 34.Ke5 f6+ 35.Kd5 Kd7 36.Kc5 Kc7
37.h4 Ra4 38.d4 Rc4+ 39.Kd5 Kd7 40.f4 Rc3 41.g5 Rf3 42.gxf6 gxf6 43.Rg2 Rxf4
44.Rg7+ Kc8 45.Rg6 Rxf5+ 46.Ke6 Rf4 47.Rxh6 Rxd4 48.h5 Ra4 49.Rxf6 Rxa2 50.h6 Rh2
51.Kf7 b4 52.Kg7 Kb7 53.h7 a5 54.Rh6 Rxh6 55.Kxh6 Kb6 56.h8=Q Kb5 57.Qb2 a4
58.Kg5 b3 59.Kf4 Kb4 60.Ke3 a3 61.Qd4+ Kb5 62.Kd3 a2 63.Kd2 Ka5 64.Kc1 Kb5
65.Qc3  1-0

[Event "1st WMSG Blitz Team KO"]
[Site "Beijing CHN"]
[Date "2008.10.14"]
[Round "1.2"]
[White "Almasi,Z"]
[Black "Korobov,A"]
[Result "1-0"]
[WhiteElo "2663"]
[BlackElo "2605"]

1.e4 e6 2.d4 d5 3.Nc3 Bb4 4.e5 c5 5.a3 Bxc3+ 6.bxc3 Ne7 7.Nf3 b6 8.Bb5+ Bd7
9.Bd3 c4 10.Be2 Ba4 11.h4 Nbc6 12.h5 h6 13.Rh3 Kd7 14.Kf1 Qg8 15.Kg1 Qh7
16.Ra2 b5 17.Bf4 a5 18.Bd2 Rhb8 19.Kh2 Ra7 20.Rb2 Rab7 21.Qc1 Rf8 22.Bf4 Rbb8
23.Bd2 Ra8 24.Nh4 f6 25.exf6 Rxf6 26.f4 Raf8 27.Nf3 Qe4 28.Bf1 Rxf4 29.Bxf4 Rxf4
30.Qd2 Nf5 31.Rb1 Rg4 32.Qf2 Qf4+ 33.Kg1 Kc7 34.Re1 Qd6 35.Ne5 Nxe5 36.Rxe5 Re4
37.Rxe4 dxe4 38.g4 e3 39.Qf3 Ne7 40.Qxe3 Bxc2 41.Bg2 Nd5 42.Qf2 Bd3 43.Qf7+ Kb6
44.Qxg7 Qxa3 45.Qe5 Nc7 46.g5 Qc1+ 47.Kh2 hxg5 48.Qd6+  1-0

[Event "16th ORDIX Open"]
[Site "Mainz GER"]
[Date "2009.08.02"]
[Round "9"]
[White "Gharamian,T"]
[Black "Almasi,Z"]
[Result "0-1"]
[WhiteElo "2615"]
[BlackElo "2684"]

1.e4 e5 2.Nf3 Nc6 3.Bb5 Nf6 4.d3 Bc5 5.Bxc6 dxc6 6.h3 Qd6 7.Nbd2 Be6 8.Ng5 Nd7
9.Nxe6 Qxe6 10.Qg4 Qf6 11.Nf3 h5 12.Qg5 Qxg5 13.Nxg5 Nf8 14.f4 f6 15.Nf3 exf4
16.Bxf4 Ne6 17.Bd2 Bd6 18.O-O-O Bg3 19.Rhf1 O-O-O 20.Ng1 c5 21.Ne2 Be5 22.Nf4 Bxf4
23.Bxf4 c4 24.Be3 cxd3 25.cxd3 c5 26.b4 cxb4 27.Bxa7 Rd6 28.Be3 Rhd8 29.Kc2 Ra6
30.d4 Rxa2+ 31.Kb1 Re2 32.Rf3 b6 33.d5 Nc5 34.Rc1 Kb7 35.Bxc5 bxc5 36.Rxc5 Rxe4
37.Rd3 Rd7 38.Kb2 Kb6 39.Rc8 Re5 40.d6 Re6 41.Rc4 Rdxd6 42.Rxd6+ Rxd6 43.Rxb4+ Kc5
44.Rh4 g6 45.Kc3 Rd1 46.Rf4 f5 47.g4 fxg4 48.hxg4 h4 49.Rf3 Rg1 50.Kd3 Rxg4
51.Rf8 g5 52.Ke3 Kd5 53.Re8 h3 54.Rh8 Rg3+  0-1

[Event "16th ORDIX Open"]
[Site "Mainz GER"]
[Date "2009.08.02"]
[Round "10"]
[White "Almasi,Z"]
[Black "Jovanovic,Zo CRO"]
[Result "1/2-1/2"]
[WhiteElo "2684"]
[BlackElo "2539"]

1.e4 c5 2.Nf3 d6 3.d4 cxd4 4.Nxd4 Nf6 5.Nc3 Nc6 6.Bg5 e6 7.Qd2 Qb6 8.Bxf6 gxf6
9.Nb3 Bd7 10.O-O-O Na5 11.Kb1 Nxb3 12.axb3 O-O-O 13.f4 h5 14.Be2 Kb8 15.Rhf1 Be7
16.Rf3 Rhg8 17.Bf1 Rg4 18.Na4 Bxa4 19.bxa4 Rc8 20.a5 Qc6 21.a6 Qxe4 22.axb7 Rc7
23.Ba6 d5 24.h3 Rg8 25.f5 Rc6 26.Bd3 Qe5 27.fxe6 fxe6 28.Re1 Qd6 29.Bb5 Rb6
30.Rb3 Rd8 31.Qe2 h4 32.Ba4 e5 33.Rxb6 Qxb6 34.Rd1 Qb4 35.Bb3 d4 36.Rd3 a5
37.Be6 a4 38.Bf5 Qb5 39.Qg4 Bb4 40.Kc1 a3 41.bxa3 Bc3 42.Qe4 Qb2+ 43.Kd1 Qb1+
44.Ke2 Qxc2+ 45.Kf3 Qc1 46.Be6 Qf1+ 47.Kg4 Rf8 48.Kh5 Qe1 49.Qc6 Qe2+ 50.Bg4 Rh8+
51.Kg6 Qxd3+ 52.Bf5 Qg3+ 53.Kxf6 e4 54.Qc8+ Ka7 55.Qc5+ Kb8 56.Qc8+ Ka7 57.Qc5+ Ka6
58.Qc6+ Ka5 59.Qc5+ Ka4 60.Ke6 Re8+ 61.Kd7 Rb8 62.Kc6 Kb3 63.Bxe4 d3 64.Qd5+ Kb2
65.Bxd3 Qg7 66.Qb5+ Kxa3 67.Qa6+ Kb2 68.Qb5+ Ka3 69.Qa6+ Kb2 70.Qb6+ Ka3
71.Qa7+ Kb3 72.Qxb8 Qxg2+ 73.Kd7 Qg7+ 74.Kc6 Qg2+ 75.Kd7 Qg7+ 76.Kc6 Qg2+
77.Kd7  1/2-1/2

[Event "VII Marx Gyorgy Mem"]
[Site "Paks HUN"]
[Date "2009.09.28"]
[Round "4"]
[White "Almasi,Z"]
[Black "Safarli,E"]
[Result "1-0"]
[WhiteElo "2685"]
[BlackElo "2587"]

1.e4 c5 2.Nf3 d6 3.d4 cxd4 4.Nxd4 Nf6 5.Nc3 a6 6.Be2 e5 7.Nb3 Be7 8.O-O O-O
9.a4 Be6 10.Bf3 Nbd7 11.Re1 Nb6 12.Nd2 Rc8 13.a5 Nc4 14.Nxc4 Rxc4 15.Be3 Qc7
16.Bb6 Qc6 17.Qd2 Rc8 18.Nd5 Bxd5 19.exd5 Qe8 20.c3 Ra4 21.Rac1 Qb5 22.c4 Qb3
23.c5 dxc5 24.d6 Rd4 25.Qc3 Qxc3 26.bxc3 Rxd6 27.Rxe5 Rd7 28.g4 h6 29.h4 Bd6
30.Rf5 Re7 31.Rd1 Be5 32.g5 hxg5 33.hxg5 Ne8 34.Bxb7 Rxb7 35.Rxe5 c4 36.Rd4 f6
37.Ree4 fxg5 38.Rxc4 Rbb8 39.Rxc8 Rxc8 40.Re7 Nd6 41.Ra7 Rxc3 42.Rxa6 Ra3
43.Ra8+ Kh7 44.Bc5 Ra1+ 45.Kg2 Nb5 46.Bb6 Ra3 47.Rd8 Ra2 48.Rd5 Na3 49.Rc5 Nc2
50.Rxg5 Ra3 51.Re5 Nb4 52.Rb5 Nc6 53.Rc5 Nb4 54.Rb5 Nc6 55.Kf1 Ra2 56.Ke1 Kg6
57.Kd1 Kf6 58.Kc1 Ke6 59.Kb1 Ra4 60.Kb2 Kd7 61.Rg5 Kc8 62.Kb3 Ra1 63.Kc4 Kb7
64.Rxg7+ Ka6 65.Rg5 Ra3  1-0

[Event "17th TCh-Eur"]
[Site "Novi Sad SRB"]
[Date "2009.10.26"]
[Round "5"]
[White "Almasi,Z"]
[Black "Ragger,M"]
[Result "1-0"]
[WhiteElo "2685"]
[BlackElo "2561"]

1.e4 c5 2.Nf3 d6 3.d4 cxd4 4.Nxd4 Nf6 5.Nc3 a6 6.Be3 Ng4 7.Bc1 Nf6 8.Be2 e5
9.Nb3 Be7 10.O-O O-O 11.a4 Nc6 12.Bg5 Be6 13.Bxf6 Bxf6 14.Nd5 Rc8 15.c3 Bg5
16.a5 Ne7 17.Nb6 Rc6 18.c4 Qb8 19.Nd2 Nc8 20.Nd5 Bxd2 21.Qxd2 Re8 22.Rfd1 Ne7
23.b4 h6 24.Ne3 Rd8 25.Ra3 Rcc8 26.Nd5 Nc6 27.Nb6 Rc7 28.Rd3 Re7 29.c5 Nd4
30.Rxd4 exd4 31.Qxd4 Bb3 32.Rd3 Bc2 33.Rg3 g6 34.Nd5 Re6 35.Nf6+ Rxf6 36.Qxf6 Bxe4
37.Rh3 h5 38.Bxh5  1-0

[Event "17th TCh-Eur"]
[Site "Novi Sad SRB"]
[Date "2009.10.30"]
[Round "9"]
[White "Almasi,Z"]
[Black "Papaioannou,I"]
[Result "1/2-1/2"]
[WhiteElo "2685"]
[BlackElo "2628"]

1.e4 c5 2.Nf3 d6 3.d4 cxd4 4.Nxd4 Nf6 5.Nc3 a6 6.Be2 e5 7.Nb3 Be7 8.O-O O-O
9.a4 Be6 10.Bf3 Nbd7 11.a5 Qc7 12.Re1 Rfc8 13.Nd2 b5 14.axb6 Nxb6 15.Nf1 a5
16.Ne3 g6 17.Bd2 a4 18.Qe2 h5 19.g3 Qb8 20.Reb1 Kg7 21.h4 Qc7 22.Kg2 Qd7
23.b3 axb3 24.Rxa8 Rxa8 25.cxb3 Ra3 26.b4 Kh7 27.Kg1  1/2-1/2

[Event "SPICE Cup GMA"]
[Site "Lubbock USA"]
[Date "2010.10.28"]
[Round "1"]
[White "Almasi,Z"]
[Black "Perelshteyn,E"]
[Result "1/2-1/2"]
[WhiteElo "2707"]
[BlackElo "2528"]

1.d4 Nf6 2.c4 e6 3.Nf3 d5 4.g3 Bb4+ 5.Bd2 Be7 6.Bg2 O-O 7.O-O c6 8.Qc2 Nbd7
9.Rd1 a5 10.Bf4 b5 11.Ne5 Bb7 12.c5 Nxe5 13.Bxe5 Nd7 14.Bf4 g5 15.Bc1 f5
16.Nc3 Qe8 17.e3 Qh5 18.Qe2 Qxe2 19.Nxe2 b4 20.a3 Ba6 21.Bf1 Bc4 22.Bd2 b3
23.a4 e5 24.Nc3 Bxf1 25.Kxf1 f4 26.Ne2 f3 27.Nc1 e4 28.Nxb3 Bd8 29.Bc3 Bc7
30.Nd2 Nb8 31.b4 axb4 32.Bxb4 Na6 33.Bc3 Rfb8 34.Rdb1 Kf7 35.Ke1 h5 36.h3 Ke6
37.Kd1 Kd7 38.Kc2 Kc8 39.Rb3  1/2-1/2

[Event "SPICE Cup GMA"]
[Site "Lubbock USA"]
[Date "2010.10.30"]
[Round "3"]
[White "Almasi,Z"]
[Black "Meier,Geo"]
[Result "1/2-1/2"]
[WhiteElo "2707"]
[BlackElo "2659"]

1.e4 e6 2.d4 d5 3.Nc3 Nf6 4.e5 Nfd7 5.f4 c5 6.Nf3 Nc6 7.Be3 cxd4 8.Nxd4 Qb6
9.Qd2 Qxb2 10.Rb1 Qa3 11.Bb5 Nxd4 12.Bxd4 a6 13.Bxd7+ Bxd7 14.Rb3 Qe7 15.Rxb7 Qh4+
16.Qf2 Qd8 17.Bb6 Qc8 18.Rc7 Qd8 19.Rb7 Qc8 20.Rc7 Qd8 21.O-O Rc8 22.Rxc8 Qxc8
23.Qd4 a5 24.f5 Bb4 25.Rf3 Qc4 26.Rg3 Bc6 27.a3 Qxd4+ 28.Bxd4 Bxa3 29.Nxd5 Bxd5
30.Rxa3 Kd7 31.Rxa5 Ra8 32.fxe6+ Kxe6 33.Rb5 Ra4 34.Be3 Ra2 35.Rc5 Be4 36.Bd4 Bxc2
37.Rb5 Be4 38.Rb2 Ra4  1/2-1/2

[Event "SPICE Cup GMA"]
[Site "Lubbock USA"]
[Date "2010.11.03"]
[Round "6"]
[White "Perelshteyn,E"]
[Black "Almasi,Z"]
[Result "1/2-1/2"]
[WhiteElo "2528"]
[BlackElo "2707"]

1.d4 Nf6 2.c4 e6 3.Nf3 b6 4.g3 Ba6 5.Qa4 Bb7 6.Bg2 c5 7.dxc5 bxc5 8.O-O Be7
9.Nc3 O-O 10.Rd1 Qb6 11.Bf4 Rd8 12.Rd2 Nc6 13.Nb5 a6 14.Nd6 Bxd6 15.Rxd6 Ne4
16.Rdd1 Qxb2 17.Rdb1 Qf6 18.Qc2 d5 19.cxd5 exd5 20.Bg5 Nxg5 21.Nxg5 Qxg5
22.Rxb7 Qe5 23.Rd1 Nd4 24.Qxc5 Nxe2+ 25.Kf1 Rac8 26.Bxd5 Kh8 27.Rd7 Re8 28.Qe3 Qxe3
29.fxe3 Nc3 30.Rd3 Nxd5 31.R7xd5 g6 32.Ke2 Rc2+ 33.Rd2 Rc4 34.R2d4 Rxd4 35.Rxd4 Rb8
36.Ra4 Rb2+ 37.Kf3 Rxh2 38.Rxa6 h5 39.Ra7 Kg7 40.Ra5 Rc2 41.a4 Ra2 42.Ra8 g5
43.a5 Kf6 44.a6 Kg7 45.e4 Kh7 46.a7 Kg7 47.e5 Kh7 48.e6 fxe6 49.Re8 Rxa7
50.Rxe6 Ra2 51.Rb6 Ra7 52.Rc6 Kg7 53.Rb6 Rf7+ 54.Kg2 Rf6 55.Rb5 Kg6 56.Ra5 Re6
57.Ra2 Kf5 58.Rb2 Re3 59.Rb5+ Re5 60.Rb2 Rd5 61.Rf2+ Ke4 62.Re2+ Kd3 63.Re8 Kd4
64.Rh8 g4 65.Re8 Re5 66.Rd8+ Ke3 67.Ra8 Rd5 68.Re8+ Kd2 69.Ra8 Kd1 70.Kf2 Rf5+
71.Kg2  1/2-1/2

[Event "European Rapid Championship"]
[Site "Warsaw POL"]
[Date "2010.12.18"]
[Round "4"]
[White "Almasi,Z"]
[Black "Tazbir,M"]
[Result "1/2-1/2"]
[WhiteElo "2721"]
[BlackElo "2527"]

1.e4 d5 2.exd5 Nf6 3.d4 Nxd5 4.Be2 g6 5.Nf3 Bg7 6.O-O O-O 7.h3 Nb6 8.a4 a5
9.c3 N8d7 10.Na3 e5 11.dxe5 Nxe5 12.Bf4 Qxd1 13.Rfxd1 Nxf3+ 14.Bxf3 c6 15.Bc7 Nxa4
16.Nc4 Nxb2 17.Nxb2 Bxc3 18.Na4 Bxa1 19.Rxa1 Bf5 20.Nb6 Ra7 21.g4 Bc2 22.Bd6 Rd8
23.Be7 Rd3 24.Be2 Rd2 25.Re1 Bb3 26.Bg5 Rd4 27.Be3 Rd8 28.Bg5 Rd4 29.Bf6 Re4
30.Bc3 f5 31.gxf5 gxf5 32.Nd7 Bd5 33.Nf6+ Kf8 34.Nxe4 fxe4 35.Bd4 Ra8 36.Bb6 Ke7
37.Ra1 a4 38.Bd1 Rg8+ 39.Kh2 Kd6 40.Rxa4 c5 41.Ra5 Rc8 42.Bg4 Rc6 43.Rb5 Bc4
44.Rb2 Bd3 45.Kg3 Ke5 46.h4 Kd4 47.Bd8 b5 48.Bd1 Kc3 49.Ra2 h6 50.Kf4 b4
51.Ke3 Bb1 52.Rd2 Bd3 53.h5 Ra6 54.Be7 c4 55.Bf8 b3 56.f4 Ra7 57.Bc5 Rd7
58.Ba3 Ra7 59.Bd6 Ra5 60.Bf8 Ra7 61.Bd6 Ra5 62.Bf8 Ra7 63.Bd6 Ra5 64.Bf8 Ra7
65.Bd6 Ra5  1/2-1/2

[Event "European Rapid Championship"]
[Site "Warsaw POL"]
[Date "2010.12.18"]
[Round "5"]
[White "Tregubov,V"]
[Black "Almasi,Z"]
[Result "0-1"]
[WhiteElo "2247"]
[BlackElo "2721"]

1.e4 e5 2.Nf3 Nc6 3.d4 exd4 4.Nxd4 Nf6 5.Nxc6 bxc6 6.e5 Qe7 7.Qe2 Nd5 8.c4 Nb6
9.b3 Qe6 10.g3 d5 11.exd6 Bxd6 12.Bb2 O-O 13.Qxe6 Bxe6 14.Bg2 Rad8 15.Nd2 Bg4
16.O-O Rfe8 17.Rfe1 Rxe1+ 18.Rxe1 Bb4 19.Bc1 h5 20.h3 Bf5 21.Re2 Bd3 22.Re5 Nd7
23.Re3 Nf6 24.Nf1 Bb1 25.a3 Bc5 26.Re1 Ba2 27.b4 Bd4 28.Bxc6 Bxc4 29.Be3 Rd6
30.Bf3 Be6 31.Kg2 Bb6 32.Rd1 Rxd1 33.Bxd1 g6 34.Bxb6 cxb6 35.Nd2 Kf8 36.Bb3 Ke7
37.Bxe6 Kxe6 38.Kf3 Kd5 39.Ke3 Nd7 40.Kd3 Ne5+ 41.Kc3 g5 42.Nf1 Nc4 43.a4 f5
44.f3 a6 45.f4 g4 46.h4 a5 47.bxa5 bxa5 48.Nh2 Nb6 49.Nf1 Nxa4+ 50.Kd3 Nc5+  0-1

[Event "European Rapid Championship"]
[Site "Warsaw POL"]
[Date "2010.12.18"]
[Round "6"]
[White "Almasi,Z"]
[Black "Romanov,E"]
[Result "1-0"]
[WhiteElo "2721"]
[BlackElo "2605"]

1.e4 c5 2.Nf3 d6 3.d4 cxd4 4.Nxd4 Nf6 5.Nc3 Nc6 6.Bg5 e6 7.Qd2 a6 8.O-O-O Qb6
9.Nb3 Be7 10.f4 O-O 11.Be2 Rd8 12.Kb1 Qc7 13.h4 b5 14.Bf3 Bb7 15.Qe3 b4 16.Na4 Nd7
17.e5 d5 18.Nd4 Nxd4 19.Qxd4 Bxg5 20.hxg5 Rac8 21.Qf2 Bc6 22.Nc5 Qa7 23.Nd3 Qxf2
24.Nxf2 Bb5 25.Ng4 Rc7 26.g3 Rdc8 27.Rh2 a5 28.Ne3 a4 29.Rd4 b3 30.Bd1 Nc5
31.Rb4 bxc2+ 32.Bxc2 Bd3 33.Rd4 Be4 34.g4 a3 35.bxa3 Rb8+ 36.Rb4 Rcb7 37.Bxe4 Rxb4+
38.axb4 Nxe4 39.a3 d4 40.Nc4 f6 41.gxf6 gxf6 42.exf6 Nxf6 43.Ne5 Nd5 44.Nc6 Ra8
45.Kb2 d3 46.Rf2 Ne3 47.Kb3 Nxg4 48.Rd2 h5 49.b5 h4 50.Rxd3 Kf7 51.a4 Kf6
52.b6 Nf2 53.b7 Rh8 54.Rd8  1-0

[Event "European Rapid Championship"]
[Site "Warsaw POL"]
[Date "2010.12.18"]
[Round "8"]
[White "Almasi,Z"]
[Black "Edouard,R"]
[Result "1/2-1/2"]
[WhiteElo "2721"]
[BlackElo "2636"]

1.e4 c5 2.Nf3 d6 3.d4 cxd4 4.Nxd4 Nf6 5.Nc3 a6 6.Be3 Ng4 7.Bg5 h6 8.Bh4 g5
9.Bg3 Bg7 10.Be2 h5 11.Bxg4 hxg4 12.Nf5 Bxf5 13.exf5 Qa5 14.O-O Bxc3 15.bxc3 Qxf5
16.Re1 Nc6 17.Qxd6 O-O 18.Qc7 Rfd8 19.Qxb7 Qb5 20.Rab1 Qxb7 21.Rxb7 Rac8
22.Rb6 Rd2 23.Rxa6  1/2-1/2

[Event "European Rapid Championship"]
[Site "Warsaw POL"]
[Date "2010.12.19"]
[Round "9"]
[White "Halkias,S"]
[Black "Almasi,Z"]
[Result "1/2-1/2"]
[WhiteElo "2578"]
[BlackElo "2721"]

1.d4 Nf6 2.Nf3 e6 3.e3 b6 4.Bd3 Bb7 5.O-O g6 6.c4 Bg7 7.Nc3 d5 8.b3 O-O 9.Ba3 Re8
10.Rc1 a6 11.Ne5 Nbd7 12.f4 c5 13.Kh1 dxc4 14.bxc4 Qc7 15.Qe2 Rad8 16.Bb2 Nb8
17.Rcd1 Nc6 18.dxc5 bxc5 19.Nxc6 Qxc6 20.Bc2 Rf8 21.Ba4 Qc7 22.Bc2 h5 23.Rxd8 Rxd8
24.Rd1 Rxd1+ 25.Nxd1 Qc6 26.Kg1 Ne4 27.Bxg7 Kxg7 28.Qf3 Nd6 29.Qxc6 Bxc6
30.Nb2 Kf6 31.Kf2 Be4 32.Bb3 Bc6 33.Bc2 Ke7 34.g3 Kd7 35.Ke2 Kc7 36.Kd2 Be4
37.Bxe4 Nxe4+ 38.Kd3 Nf2+ 39.Ke2 Ng4 40.h3 Nf6 41.Na4 Ne4 42.g4 h4 43.g5 Kd6
44.a3 e5 45.Nb2 Ke6 46.Nd3 exf4 47.exf4 Kf5 48.Ke3 Nd6 49.Nxc5 Nxc4+ 50.Kf3 Nxa3
51.Nxa6 Nc2 52.Nc5 Ne1+ 53.Kf2 Nc2 54.Kf3 Nd4+ 55.Ke3 Nc2+ 56.Kf3  1/2-1/2

[Event "European Rapid Championship"]
[Site "Warsaw POL"]
[Date "2010.12.19"]
[Round "11"]
[White "Almasi,Z"]
[Black "Korobov,A"]
[Result "1/2-1/2"]
[WhiteElo "2721"]
[BlackElo "2684"]

1.e4 e6 2.d4 d5 3.Nc3 Bb4 4.e5 c5 5.a3 Bxc3+ 6.bxc3 Ne7 7.h4 Nbc6 8.Nf3 Bd7
9.a4 Rc8 10.Bd2 Na5 11.Bd3 Nc4 12.h5 h6 13.Rh4 cxd4 14.cxd4 Nb2 15.Qb1 Nxd3+
16.cxd3 Qb6 17.Qxb6 axb6 18.Rg4 Nf5 19.Nh4 Nxh4 20.Rxh4 O-O 21.g4 Rc2 22.g5 hxg5
23.Bxg5 f6 24.Be3 Kh7 25.h6 g5 26.Rg4 Kxh6 27.exf6 Rxf6 28.Rxg5 Kh7 29.Kf1 Be8
30.Kg2 Rg6 31.Rh1+ Kg7 32.Rxg6+ Bxg6 33.Rb1 Rc6 34.Rb3 Kf6 35.Bf4 Kf5 36.Be5 Bh5
37.f3 Rc2+ 38.Kg3 Rd2 39.Rxb6 Rxd3 40.Rxb7 Rxf3+ 41.Kh4 Rf1 42.a5 Rh1+ 43.Kg3 Ra1
44.Ra7 Be2 45.Ra8  1/2-1/2

[Event "European Rapid Championship"]
[Site "Warsaw POL"]
[Date "2010.12.19"]
[Round "13"]
[White "Almasi,Z"]
[Black "Shirov,A"]
[Result "1/2-1/2"]
[WhiteElo "2721"]
[BlackElo "2735"]

1.e4 e5 2.Nf3 Nc6 3.Bb5 a6 4.Ba4 Nf6 5.O-O b5 6.Bb3 Bc5 7.a4 Rb8 8.axb5 axb5
9.d3 d6 10.h3 O-O 11.Nc3 Be6 12.Bxe6 fxe6 13.Ne2 Nh5 14.Be3 Rxf3 15.gxf3 Qh4
16.Kg2 Rf8 17.Rh1 Bxe3 18.fxe3 Qg5+ 19.Kf2 Qh4+ 20.Kg2 Qg5+ 21.Kf2  1/2-1/2

[Event "Sportaccord WMG Rapid"]
[Site "Beijing CHN"]
[Date "2011.12.09"]
[Round "1"]
[White "Almasi,Z"]
[Black "Wang Hao"]
[Result "0-1"]
[WhiteElo "2707"]
[BlackElo "2736"]

1.c4 e5 2.Nc3 Nf6 3.g3 d5 4.cxd5 Nxd5 5.Bg2 Nb6 6.Nf3 Nc6 7.O-O Be7 8.Rb1 g5
9.d3 g4 10.Nd2 Nd4 11.e3 Ne6 12.Nc4 Nxc4 13.dxc4 Qxd1 14.Rxd1 O-O 15.b4 Ng5
16.Nd5 Bd8 17.e4 c6 18.Ne3 Be6 19.Nf5 Bf6 20.Nd6 b6 21.a4 Rfd8 22.Be3 Nf3+
23.Bxf3 gxf3 24.c5 Be7 25.Nf5 Bxf5 26.exf5 bxc5 27.bxc5 Rab8 28.h3 Rxb1 29.Rxb1 Rd5
30.Bh6 f6 31.Rb7 Bxc5 32.Rg7+ Kf8 33.g4 Ke8 34.g5 e4 35.Rg8+ Kd7 36.Rg7+ Kc8
37.Rg8+ Kb7 38.Rg7+ Ka6 39.gxf6 Rd1+ 40.Kh2 Bd6+ 41.Rg3 Rd5 42.f7 Rxf5 43.f8=Q Bxf8
44.Bxf8 Rxf8 45.Kg1 Rd8  0-1

[Event "Sportaccord WMG Rapid"]
[Site "Beijing CHN"]
[Date "2011.12.09"]
[Round "2"]
[White "Nielsen,PH"]
[Black "Almasi,Z"]
[Result "1/2-1/2"]
[WhiteElo "2693"]
[BlackElo "2707"]

1.d4 Nf6 2.c4 e6 3.g3 d5 4.Nf3 Bb4+ 5.Bd2 Be7 6.Bg2 O-O 7.O-O c6 8.Qc2 Nbd7
9.Rd1 b6 10.b3 Ba6 11.a4 c5 12.a5 Qc8 13.cxd5 Nxd5 14.Nc3 N7f6 15.Nxd5 exd5
16.Bg5 h6 17.Bxf6 Bxf6 18.Rac1 Qe6 19.dxc5 bxc5 20.Ne1 Bxe2 21.Bxd5 Bxd1
22.Rxd1 Qg4 23.Bf3 Qb4 24.Bxa8 Rxa8 25.Nd3 Qxa5 26.Qxc5 Qa2 27.Nc1 Qb1 28.Qc6 Rf8
29.Kg2 Bg5 30.Qc4 Rb8 31.Rd7 Qf5 32.Rd5 Qe6 33.Ne2 Rc8 34.Qd3 Qb6 35.Qb5 Rb8
36.Qxb6 Rxb6 37.Rd7 a5 38.Rd5 Rxb3 39.Rxa5 Rb2 40.Kf3 Bf6 41.h4 Rb3+ 42.Kg2 Rb2
43.Kf3 Rb3+ 44.Kg2  1/2-1/2

[Event "Sportaccord WMG Rapid"]
[Site "Beijing CHN"]
[Date "2011.12.11"]
[Round "6"]
[White "Almasi,Z"]
[Black "Giri,A"]
[Result "1-0"]
[WhiteElo "2707"]
[BlackElo "2714"]

1.e4 e5 2.Nf3 Nc6 3.Bb5 a6 4.Ba4 Nf6 5.O-O Be7 6.Re1 b5 7.Bb3 O-O 8.h3 Bb7
9.d3 d5 10.exd5 Nxd5 11.Nbd2 f6 12.c4 bxc4 13.Nxc4 Kh8 14.d4 exd4 15.Nxd4 Nxd4
16.Qxd4 c5 17.Qe4 Ra7 18.Bd2 Ba8 19.Rad1 f5 20.Qe6 Rf6 21.Qe5 Qc8 22.Na5 c4
23.Bxc4 Rd7 24.Bg5 Rg6 25.Bxd5 Rxg5 26.Bxa8 Qxa8 27.Nc6 Rxd1 28.Rxd1 h6 29.Qd5 f4
30.Qf3 Bf6 31.b4 Qg8 32.a4 Qa2 33.Qxf4 Qxa4 34.Qf3 Rf5 35.Qd3 Rg5 36.Rc1 Qa2
37.Re1 Qf7 38.Qxa6 Qd5 39.g3 Qf3 40.Re8+ Kh7 41.Qc4 Rxg3+ 42.fxg3 Qxg3+ 43.Kf1 Qxh3+
44.Ke1 Qh1+ 45.Kd2 Bg5+ 46.Kc2 Qc1+ 47.Kb3 Qd1+ 48.Qc2+  1-0